FR & SR Service Rules and Financial Rules/ (Record no. 191185)

MARC details
000 -LEADER
fixed length control field 00573nam a22001937a 4500
005 - DATE AND TIME OF LATEST TRANSACTION
control field 20220822152007.0
010 ## - LCCN (DPL NO)
LC control number ENG-134534
020 ## - INTERNATIONAL STANDARD BOOK NUMBER
Terms of availability 195.00
035 ## - SYSTEM CONTROL NUMBER
System control number EN-118066
037 ## - SOURCE OF ACQUISITION
Source of stock number/acquisition DBAD/PUB
082 ## - DEWEY DECIMAL CLASSIFICATION NUMBER
Classification number 351.160954
100 ## - MAIN ENTRY--PERSONAL NAME
Personal name Muthuswamy
245 ## - TITLE STATEMENT
Title FR & SR Service Rules and Financial Rules/
Statement of responsibility, etc Muthuswamy and Brinda
260 ## - PUBLICATION, DISTRIBUTION, ETC. (IMPRINT)
Place of publication, distribution, etc Chennai
Name of publisher, distributor, etc Swamy Publishers Pvt Ltd
Date of publication, distribution, etc 2006
270 ## - ADDRESS
Address 236, R.K. Mutt Road, Post Box No. 2468
City Chennai
Postal code 600028
300 ## - PHYSICAL DESCRIPTION
Extent iv, 372p.
Dimensions 22cm(pbk)
700 ## - ADDED ENTRY--PERSONAL NAME
Personal name Brinda
942 ## - ADDED ENTRY ELEMENTS (KOHA)
Source of classification or shelving scheme Dewey Decimal Classification
Item type English Books
Classification part 351.160954
Call number suffix MUT
Holdings
Withdrawn status Lost status Not for loan Collection code Home library Current library Date acquired Source of acquisition Cost, normal purchase price Full call number Barcode Copy number Cost, replacement price Koha item type
      Non-fiction Ashok Vihar Ashok Vihar 22/08/2022 DBAD/PUB 195.00 351.160954 MUT EN-118066 1 195.00 English Books

© Delhi Public Library
Hit Counter
free hit counter